Canadian Province Capitals - Statistics

General Stats
  • This quiz has been taken 24 times
  • The average score is 8 of 13
Answer Stats
Province Capital % Correct
Alberta Edmonton
82%
Ontario Ottawa
76%
Quebec Quebec City
76%
Saskatchewan Regina
76%
Nova Scotia Halifax
71%
Manitoba Winnipeg
71%
Northwest Territories Yellowknife
71%
British Columbia Victoria
65%
Yukon Whitehorse
59%
Labrador and Newfoundland St. Johns
53%
Nunavut Iqaluit
47%
Prince Edward Island Charlottetown
35%
New Brunswick Fredricton
0%
No matching quizzes found
Score Distribution
Percent of People with Each Score
Percentile by Number Answered
Your Score History
You have not taken this quiz